000 00831nab a2200253 u 4500
001 21360
003 HDC
007 cr bn ---aaaaa
008 210308c |r|noo 0 a d
040 _aHDC
100 _aZaid Mohamad,
_eauthor
_918935
245 0 _aRESPONSIBILITY TO PROTECT OUR KIDS /
_cby Zaid Mohamad
260 _a[No place] :
_b[publisher not identified],
_c2016
336 _atext
_2rdacontent
337 _acomputer
_2rdamedia
338 _aonline resource
_2rdacarrier
650 _aDiphtheria
_912426
650 _aVaccination
_91753
710 _aNEW STRAITS TIMES
856 _zRequest full-text at [email protected]
942 _2lcc
942 _cNEWS
942 _kNWSO 010186
999 _c18676
_d18676